Environmental education :essential knowledge for sustainable development / (Record no. 869)
| 000 -LEADER | |
|---|---|
| fixed length control field | 01415nam a2200301 a 4500 |
| 001 - CONTROL NUMBER | |
| control field | 3101686 |
| 003 - CONTROL NUMBER IDENTIFIER | |
| control field | OSt |
| 005 - DATE AND TIME OF LATEST TRANSACTION | |
| control field | 20140116120840.0 |
| 008 - FIXED-LENGTH DATA ELEMENTS--GENERAL INFORMATION | |
| fixed length control field | 981217s1998 ke ab b 001 0 eng |
| 010 ## - LIBRARY OF CONGRESS CONTROL NUMBER | |
| LC control number | 98982647 |
| 020 ## - INTERNATIONAL STANDARD BOOK NUMBER | |
| International Standard Book Number | 9966499075 |
| 040 ## - CATALOGING SOURCE | |
| Original cataloging agency | DLC |
| Transcribing agency | DLC |
| 042 ## - AUTHENTICATION CODE | |
| Authentication code | lcode |
| 050 00 - LIBRARY OF CONGRESS CALL NUMBER | |
| Classification number | GE70.M88 1998 |
| 082 00 - DEWEY DECIMAL CLASSIFICATION NUMBER | |
| Classification number | 363.7/0071 |
| Edition number | 21 |
| 100 1# - MAIN ENTRY--PERSONAL NAME | |
| Personal name | Muthoka, Margaret G. |
| 245 10 - TITLE STATEMENT | |
| Title | Environmental education :essential knowledge for sustainable development / |
| Statement of responsibility, etc | Margaret G. Muthoka, Assumpta B. Rego, Zipporah K. Rimbui. |
| 260 ## - PUBLICATION, DISTRIBUTION, ETC. (IMPRINT) | |
| Place of publication, distribution, etc | Kampala, Uganda ; |
| -- | Nairobi : |
| Name of publisher, distributor, etc | Longhorn Publishers, |
| Date of publication, distribution, etc | 1998. |
| 300 ## - PHYSICAL DESCRIPTION | |
| Extent | xvi, 358 p. : |
| Other physical details | ill., maps ; |
| Dimensions | 21 cm. |
| 504 ## - BIBLIOGRAPHY, ETC. NOTE | |
| Bibliography, etc | Includes bibliographical references (p. 344-353) and index. |
| 505 ## - FORMATTED CONTENTS NOTE | |
| Formatted contents note | introduction to environmental education----essential knowledgeabout the environment---population education and the environment---conservation of natural resources---Agriculture, food and environment---environmental health---Energy and the environment---Human settlement---Natural hazards---pollution and the environment---problems of environmental resources----environmental management. |
| 650 #0 - SUBJECT ADDED ENTRY--TOPICAL TERM | |
| Topical term or geographic name as entry element | Environmental education. |
| 700 1# - ADDED ENTRY--PERSONAL NAME | |
| Personal name | Rego, Assumpta B. |
| 700 1# - ADDED ENTRY--PERSONAL NAME | |
| Personal name | Rimbui, Zipporah K. |
| 906 ## - LOCAL DATA ELEMENT F, LDF (RLIN) | |
| a | 7 |
| b | cbc |
| c | origode |
| d | 3 |
| e | ncip |
| f | 19 |
| g | y-gencatlg |
| 942 ## - ADDED ENTRY ELEMENTS (KOHA) | |
| Source of classification or shelving scheme | |
| Koha item type | Book |
| Withdrawn status | Lost status | Source of classification or shelving scheme | Damaged status | Not for loan | Home library | Current library | Date acquired | Cost, normal purchase price | Total Checkouts | Total Renewals | Full call number | Barcode | Date last seen | Date checked out | Copy number | Price effective from | Koha item type |
|---|---|---|---|---|---|---|---|---|---|---|---|---|---|---|---|---|---|
| Riara University Library | Riara University Library | 01/02/2012 | 600.00 | 12 | 1 | GE70.M88 1998 | 3235/11 | 19/11/2019 | 02/11/2019 | C.1 | 01/02/2012 | Book | |||||
| Riara University Library | Riara University Library | 01/02/2012 | 600.00 | 18 | 3 | GE70.M88 1998 | 3234/11 | 04/03/2022 | 18/02/2022 | C.2 | 01/02/2012 | Book | |||||
| Riara University Library | Riara University Library | 01/02/2012 | 600.00 | 14 | 3 | GE70.M88 1998 | 3233/11 | 30/09/2024 | 21/08/2024 | C.3 | 01/02/2012 | Book |
